000 00700nam a22002417a 4500
005 20170124105952.0
010 _a720302
020 _c28.00
035 _a720302
037 _bCen Lib/Ret
040 _aDPL
_bEN
082 _a270
_bNIZ
100 _aNizami, Khaliq Ahmad
_983056
245 _aLife and times of shaikh farid-uddin ganj-i-shakar /
_cby Khaliq Ahmad Nizami
260 _aDelhi
_c1955
_bIdarah-i- adabiyat-i- delli
270 _bDelhi
_aQasimjan
300 _a144p.;
_c21cm(Hb)
_bill.
490 _aI ad religio-philosophy series no.
_v1
500 _aIncludes index
650 _aIslam
_95289
650 _aSunni faith
_983057
942 _2ddc
_cEN
_h270
_mNIZ
999 _c125362
_d125362